• 首页
  • 本馆介绍
  • 公告通知
  • 最新文献
  • 馆藏检索
  • 电子资源
  • 读者导购
  • 参考咨询
  • 我的图书馆
  • 登录
  • 详细信息显示
  • 放入我的书架
  • 预约/预借图书
  • 作者相关作品
  • 分类相关作品
  • 丛书相关作品
  • 出版社相关作品

书目信息

  • 表格格式
  • 工作单格式
  • 卡片格式
题名:
土地改革史话
    
 
作者: 董志凯 , 陈廷煊 著
分册:  
出版信息: 北京   社会科学文献出版社  2011.12
页数: 163页
开本: 21cm
丛书名: 中国史话
单 册:
中图分类: F329.06
科图分类:
主题词: 土地改革--中国--现代--史料 , 土地改革
电子资源:
ISBN: 978-7-5097-2675-4
000 01112oam2 2200301 450
001 010050026932
005 20120619083822.48
010    @a978-7-5097-2675-4@dCNY15.00
100    @a20120120d2011 em y0chiy0110 ea
101 0  @achi
102    @aCN@b110000
105    @ac z 000yy
106    @ar
200 1  @a土地改革史话@9tu di gai ge shi hua@dA brief history of land reform in China@f董志凯,陈廷煊著@zeng
210    @a北京@c社会科学文献出版社@d2011.12
215    @a163页@c肖像@d21cm
225 2  @a中国史话@i近代政治史系列@v137
300    @a“十二五”国家重点出版规划项目
330    @a本书以时间为线索,论述了两次国内革命战争时期、抗日战争时期、解放战争时期以及新中国成立后的历次土地改革运动,展现了土地改革完成后农村各方面发生的新变化。
462  0 @12001 @a近代政治史系列
510 1  @aBrief history of land reform in China@zeng
606 0  @a土地改革@y中国@z现代@j史料
606 0  @a土地改革
690    @aF329.06@v5
701  0 @a董志凯@9dong zhi kai@c(女,@f1944.8~)@4著
701  0 @a陈廷煊@9chen ting xuan@f(1933~)@4著
801  0 @aCN@bNLC@c20120306
905    @b538238-42@dF329.06@e132@f5
    
    土地改革史话=A brief history of land reform in China/董志凯,陈廷煊著.-北京:社会科学文献出版社,2011.12
    163页:肖像;21cm.-(中国史话.近代政治史系列;137)
    “十二五”国家重点出版规划项目
    
    ISBN 978-7-5097-2675-4:CNY15.00
    本书以时间为线索,论述了两次国内革命战争时期、抗日战争时期、解放战争时期以及新中国成立后的历次土地改革运动,展现了土地改革完成后农村各方面发生的新变化。
●
相关链接 在E读中查询图书 在五车中查询图书 在当当中查询图书 在豆瓣中查询图书


正题名:土地改革史话     索取号:F329.06/132         预约/预借

序号 登录号 条形码 馆藏地/架位号 状态 备注
1 538238   205382389   第一样本阅览室/ [索取号:F329.06/132] 在馆    
2 538239   205382398   第一借阅区/ [索取号:F329.06/132] 在馆    
3 538240   205382405   第一借阅区/ [索取号:F329.06/132] 在馆    
4 538241   205382414   第一借阅区/ [索取号:F329.06/132] 在馆    
5 538242   205382423   第一借阅区/ [索取号:F329.06/132] 在馆    
唐山师范学院图书馆 欢迎您!
大连网信软件有限公司© 版权所有